C'est mon lit ! / (Notice n° 18914)

Détails MARC
000 -LEADER
fixed length control field 01924nam a2200457 i 4500
001 - CONTROL NUMBER
control field 0007401074
003 - CONTROL NUMBER IDENTIFIER
control field OSt
005 - DATE AND TIME OF LATEST TRANSACTION
control field 20260627102412.0
008 - FIXED-LENGTH DATA ELEMENTS--GENERAL INFORMATION
fixed length control field 210115s2025 quca j 000 1 fre
020 ## - INTERNATIONAL STANDARD BOOK NUMBER
International Standard Book Number 9782898153198
040 ## - CATALOGING SOURCE
Original cataloging agency QMBN
Language of cataloging fre
Description conventions rda
Transcribing agency QMBN
Modifying agency QMBND
082 04 - DEWEY DECIMAL CLASSIFICATION NUMBER
Classification number ALB BOU
Edition number 23/fre/202503
Standard or optional designation b
082 04 - DEWEY DECIMAL CLASSIFICATION NUMBER
Classification number 843/.92
Item number B781c
Edition number 23/fre/202503
082 04 - DEWEY DECIMAL CLASSIFICATION NUMBER
Classification number C843/.92
Item number B781c
Edition number 23/fre/202503
Standard or optional designation b
084 ## - OTHER CLASSIFICATION NUMBER
Classification number C848/.92
Item number B781c
Number source z
091 0# - MICROFILM SHELF LOCATION (AM) [OBSOLETE]
Microfilm shelf location BOU
100 1# - MAIN ENTRY--PERSONAL NAME
Personal name Bouton, Sylvain
Dates associated with a name 1977-
Relator term auteur
-- illustrateur
245 10 - TITLE STATEMENT
Title C'est mon lit ! /
Statement of responsibility, etc. [texte et illustrations] Sylvain Bouton
246 3# - VARYING FORM OF TITLE
Title proper/short title C'est mon lit !
264 #1 - PRODUCTION, PUBLICATION, DISTRIBUTION, MANUFACTURE, AND COPYRIGHT NOTICE
Place of production, publication, distribution, manufacture Montrǎl (Qub̌ec) Canada :
Name of producer, publisher, distributor, manufacturer les 400 coups,
Date of production, publication, distribution, manufacture, or copyright notice [2025]
300 ## - PHYSICAL DESCRIPTION
Extent 1 volume (non pagin)̌ :
Other physical details illustrations en couleur ;
Dimensions 18 cm
336 ## - CONTENT TYPE
Content type term texte
Content type code txt
Source rdacontent
336 ## - CONTENT TYPE
Content type term image fixe
Content type code sti
Source rdacontent
337 ## - MEDIA TYPE
Media type term sans mďiation
Media type code n
Source rdamedia
338 ## - CARRIER TYPE
Carrier type term volume
Carrier type code nc
Source rdacarrier
490 1# - SERIES STATEMENT
Series statement Mes premiers c[o]ups
500 ## - GENERAL NOTE
General note Dans le titre, la lettre ''o'' du mot ''mon'' est repršentě par l'image d'un phylactr̈e dans lequel se trouve un lit
500 ## - GENERAL NOTE
General note Dans le titre de la collection, la lettre "o" du mot "coups" est repršentě par le visage d'une souris
521 ## - TARGET AUDIENCE NOTE
Target audience note Pour les enfants
650 #7 - SUBJECT ADDED ENTRY--TOPICAL TERM
Topical term or geographic name as entry element Ours
Form subdivision Fiction
Source of heading or term vmj
650 #7 - SUBJECT ADDED ENTRY--TOPICAL TERM
Topical term or geographic name as entry element Lits
Form subdivision Fiction
Source of heading or term vmj
650 #7 - SUBJECT ADDED ENTRY--TOPICAL TERM
Topical term or geographic name as entry element Enfants
Form subdivision Fiction
Source of heading or term vmj
650 #7 - SUBJECT ADDED ENTRY--TOPICAL TERM
Topical term or geographic name as entry element Sommeil
Form subdivision Fiction
Source of heading or term vmj
655 #7 - INDEX TERM--GENRE/FORM
Genre/form data or focus term Documents pour la jeunesse
Source of term rvmgf
655 #7 - INDEX TERM--GENRE/FORM
Genre/form data or focus term Livres tout carton
Source of term rvmgf
830 #0 - SERIES ADDED ENTRY--UNIFORM TITLE
Uniform title Mes premiers coups
942 ## - ADDED ENTRY ELEMENTS (KOHA)
Source of classification or shelving scheme Dewey Decimal Classification
Koha item type Album jeunesse
Exemplaires
Withdrawn status Lost status Source of classification or shelving scheme Damaged status Not for loan Home library Current library Date acquired Total Checkouts Full call number Barcode Date last seen Price effective from Koha item type
    Dewey Decimal Classification     Bibliothèque municipale d'Henryville Bibliothèque municipale d'Henryville 2026-06-27   ALB BOU 30001030039376 2026-06-27 2026-06-27 Album jeunesse